| 000 | 01480nam0a2200361 4500 | ||
|---|---|---|---|
| 001 | RU\NLR\BIBL_A\010468249 | ||
| 005 | 20260408180301.0 | ||
| 010 |
_a978-5-91290-231-4 _9500 |
||
| 021 |
_aRU _b2014-56059 _93384 |
||
| 035 | _a(NLR Aleph) 010468249 | ||
| 035 | _a(NILC)RuMoRGB-007527007 | ||
| 090 |
_a10012521 _c10012521 |
||
| 100 | _a20140930d2014 k y0rusy50 ca | ||
| 101 | 0 | _arus | |
| 102 | _aRU | ||
| 105 | _ay|||z||||01yy | ||
| 200 | 1 |
_aПолитическая ответственность: нормативно-правовые решения _eматериалы Научного семинара |
|
| 210 |
_aМосква _cНаучный эксперт _d2014 |
||
| 215 |
_a79 с. _d21 |
||
| 300 | _aВ надзаг.: Центр пробл. анализа и гос.-управленч. проектирования | ||
| 320 | _aБиблиогр. в подстроч. примеч. | ||
| 606 |
_aОтветственность (полит.) _3RU\NLR\AUTH\66891681 _91949596 |
||
| 686 | 1 | _aФ011.12 | |
| 686 | 1 | _aФ3(0)12 | |
| 712 | 0 | 2 |
_4570 _aЦентр проблемного анализа и государственно-управленческого проектирования _cМосква _3RU\NLR\AUTH\8810086894 _9675473 |
| 801 | 0 |
_aRU _bРГБ _c20140730 _gRCR |
|
| 801 | 1 |
_aRU _bРГБ _c20140730 _2rusmarc |
|
| 942 | _cBOOK | ||
| 980 | _aNBR | ||
| 980 | _aNB | ||